| 000 | 01970nam a2200457 c 4500 | ||
|---|---|---|---|
| 001 | 22444 | ||
| 003 | ES-MaCES | ||
| 005 | 20250213112916.0 | ||
| 008 | 090918s2009 sp d o000 | spa d | ||
| 017 |
_aM 30096-2009 _bDL |
||
| 020 | _a9788484173380 | ||
| 024 | 7 |
_a790-09-149-9 _2nipo |
|
| 024 | 7 |
_a790-09-148-3 _2nipo |
|
| 035 | _aCES20090009302m | ||
| 040 |
_aES-MaCES _bspa _cES-MaCES |
||
| 245 | 0 | 3 |
_aLa negociación colectiva en la explotación de recursos acuícolas _b: pesca, acuicultura y actividades afines _cdirector, Jesús Cruz Villalón ; componentes del equipo investigador, Patrocinio Rodríguez-Ramos Velasco ... [et al.] |
| 260 |
_aMadrid _bMinisterio de Trabajo e Inmigración, Subdirección General de Información Administrativa y Publicaciones _c[2009] |
||
| 300 |
_a385 p. _bgráf. bl. y n. _c22 cm _e1 CD-ROM |
||
| 490 | 1 |
_aColección Informes y estudios. Serie Relaciones laborales _v91 |
|
| 500 | _aEn la cub., además: Comisión Consultiva Nacional de Convenios Colectivos | ||
| 500 | _aPubl. simultáneamente en CD-ROM | ||
| 541 | _cGratuito | ||
| 650 | 4 |
_apesca _927611 |
|
| 650 | 4 |
_aacuicultura _929721 |
|
| 650 | 4 |
_aindustria pesquera _927608 |
|
| 650 | 4 |
_anegociación colectiva _928362 |
|
| 650 | 4 |
_aconvenio colectivo _928361 |
|
| 650 | 4 |
_acondiciones de trabajo _928327 |
|
| 650 | 4 |
_acondiciones de empleo _930040 |
|
| 650 | 4 |
_aEspaña _926964 |
|
| 650 | 4 |
_aCD ROM _930331 |
|
| 653 | 1 | 0 | _aRelaciones laborales-Empleo |
| 700 | 1 |
_aRodríguez Ramos, Patrocinio _922420 |
|
| 700 | 1 |
_aCruz Villalón, Jesús _edir. _910216 |
|
| 710 | 1 |
_aEspaña _bMinisterio de Trabajo e Inmigración _eed. _93272 |
|
| 710 | 1 |
_aComisión Consultiva Nacional de Convenios Colectivos (España) _92011 |
|
| 830 | 0 |
_aColección Informes y estudios (España. Ministerio de Trabajo e Inmigración) _pSerie Relaciones laborales _v91 _934424 |
|
| 902 | _aLIB Libro | ||
| 942 |
_2CES _cBK _h2.0. |
||
| 999 |
_c22444 _d22444 |
||